| Tag |
First Indicator |
Second Indicator |
Subfields |
| LEADER |
00000pam a2200000 a 4500 |
| 001 |
in00000601821 |
| 005 |
20151014095658.0 |
| 008 |
870218s1987 maua b 00000 eng |
| 010 |
|
|
|a 87005356
|
| 020 |
|
|
|a 0262121220
|
| 035 |
|
|
|a (OCoLC)15281173
|
| 035 |
|
|
|9 ACR3050AM
|
| 040 |
|
|
|a DLC
|c DLC
|d TXA
|d UtOrBLW
|
| 043 |
|
|
|a ew-----
|
| 049 |
|
|
|a TXAM
|c [A12564960]
|
| 050 |
0 |
0 |
|a HD5764.A6
|b F54 1987
|
| 082 |
0 |
|
|a 339.5/094
|2 19
|
| 245 |
0 |
4 |
|a The Fight against unemployment :
|b macroeconomic papers from the Centre for European [Policy] Studies /
|c edited by Richard Layard and Lars Calmfors.
|
| 250 |
|
|
|a 1st MIT Press ed.
|
| 264 |
|
1 |
|a Cambridge, Mass. :
|b MIT Press,
|c 1987.
|
| 300 |
|
|
|a xii, 204 pages :
|b illustrations ;
|c 24 cm.
|
| 336 |
|
|
|a text
|b txt
|2 rdacontent
|
| 337 |
|
|
|a unmediated
|b n
|2 rdamedia
|
| 338 |
|
|
|a volume
|b nc
|2 rdacarrier
|
| 504 |
|
|
|a Includes bibliographies.
|
| 650 |
|
0 |
|a Unemployment
|z Europe.
|
| 651 |
|
0 |
|a Europe
|x Full employment policies.
|
| 700 |
1 |
|
|a Layard, Richard,
|d 1934-
|
| 700 |
1 |
|
|a Calmfors, Lars,
|d 1948-
|
| 710 |
2 |
|
|a Centre for European Policy Studies (Brussels, Belgium)
|
| 999 |
|
|
|a MARS
|
| 999 |
f |
f |
|s 3d8e93cb-5582-353e-a4c0-7e63402cce62
|i 319f67a0-dc0c-3e2b-b372-cbb20f1d28c4
|t 0
|
| 952 |
f |
f |
|p ric
|a Texas A&M University
|b Rellis Campus
|c Joint Library Facility
|d Remote Storage
|t 0
|e HD5764.A6 F54 1987
|h Library of Congress classification
|i unmediated -- volume
|m A14812564960
|
| 998 |
f |
f |
|a HD5764.A6 F54 1987
|t 0
|l Remote Storage
|